Anar al contingut

Методические рекомендации по прохождению практик

Методические рекомендации предназначены для студентов, обучающихся по направлению «Экономика» (уровень бакалавриата), преподавателей и специалистов, занятых организацией и проведением практики....

Descripció completa

Guardat en:
Dades bibliogràfiques
Autor principal: Липатова Н. Н.
Format: Книга
Idioma:Russian
Publicat: Самара СамГАУ 2017
Accés en línia:https://e.lanbook.com/book/488366
https://e.lanbook.com/img/cover/book/488366.jpg
Etiquetes: Afegir etiqueta
Sense etiquetes, Sigues el primer a etiquetar aquest registre!
LEADER 01312nam0a2200265 i 4500
001 488366
003 RuSpLAN
005 20250602193419.0
008 250602s2017 ru gs 000 0 rus
040 |a RuSpLAN 
041 0 |a rus 
044 |a ru 
080 |a 330 
084 |a 65.291р  |2 rubbk 
245 0 0 |a Методические рекомендации по прохождению практик  |c Липатова Н. Н. 
260 |a Самара  |b СамГАУ  |c 2017 
300 |a 40 с. 
504 |a Библиогр.: доступна в карточке книги, на сайте ЭБС Лань 
520 8 |a Методические рекомендации предназначены для студентов, обучающихся по направлению «Экономика» (уровень бакалавриата), преподавателей и специалистов, занятых организацией и проведением практики. 
521 8 |a Книга из коллекции СамГАУ - Экономика и менеджмент 
521 8 |a СЭБ 
100 1 |a Липатова Н. Н. 
856 4 |u https://e.lanbook.com/book/488366 
856 4 8 |u https://e.lanbook.com/img/cover/book/488366.jpg 
953 |a https://e.lanbook.com/img/cover/book/488366.jpg 
Cannot write session to /tmp/vufind_sessions/sess_o17m932q32vtgsu1gufuna9rd4